000 00600nam a2200265Ia 4500
005 20260306153405.0
008 008 260114s9999 xx 000 0 eng d
020 _a9781139164696
037 _aEBOOK
040 _aCRL
040 _beng
040 _cCRL
041 _2eng
041 _aeng
084 _qCRL
100 _aButt
_9915184
245 0 _aTheories of Case
250 _a1st Ed
260 _bCambridge University Press
260 _c2012
650 _aLinguistics
856 _uhttps://doi.org/10.1017/CBO9781139164696
942 _cEBOOK
999 _c1703290
_d1703290